Normal view
MARC view
- Twenty-first century
Entry Topical Term
001 - CONTROL NUMBER
- control field: 7497
003 - CONTROL NUMBER IDENTIFIER
- control field: NUST
005 - DATE AND TIME OF LATEST TRANSACTION
- control field: 20171221121627.0
008 - FIXED-LENGTH DATA ELEMENTS
- fixed length control field: 171221|| aca||aabn | a|a d
040 ## - CATALOGING SOURCE
- Original cataloging agency: NUST
- Transcribing agency: NUST
150 ## - HEADING--TOPICAL TERM
- Topical term or geographic name entry element: Twenty-first century
- Form subdivision: Forecasts.
670 ## - SOURCE DATA FOUND
- Source citation: Work cat.: (NUST)0: Friedman, George. 7495, The next 100 years :, 2009.
